000 00615nam a2200241Ia 4500
005 20251020182514.0
008 200515s9999 xx 000 0 und d
020 _a85-03-001991-8
082 _a658.3/M28
100 _aGOMES DE MATOS, Francisco
245 0 _aMudança e decisao : perplexidades do dirigente e do dirigido
260 _aRio de Janeiro
260 _bJosé Olimpico Ed.
260 _c1987
300 _a86 p.
300 _bil.
500 _a1 ejemplar
650 _aADMINISTRACION DE EMPRESAS
650 _aADMINISTRACION DE PERSONAL
650 _aLIB
942 _cLIB
999 _c1527
_d1527